Sports Quiz

Random Sports or Baseball Quiz

MLB 2015 Team Leaders (Hitting) Quiz Stats

Quiz Updated Nov 7, 2015

Challenge
Share
Tweet
Embed
Score 0/217 Timer 20:00
1 Play Today
% Correct
Mike Trout
88.5%
Mike Trout
88.5%
Mike Trout
88.5%
Mike Trout
88.5%
David Ortiz
88.4%
David Ortiz
88.4%
David Ortiz
88.4%
Chris Davis
88.2%
Chris Davis
88.2%
Chris Davis
88.2%
Chris Davis
88.2%
Paul Goldschmidt
87.7%
Paul Goldschmidt
87.7%
Paul Goldschmidt
87.7%
Paul Goldschmidt
87.7%
Khris Davis
87.3%
Khris Davis
87.3%
Miguel Cabrera
86.1%
Bryce Harper
85.5%
Bryce Harper
85.5%
Bryce Harper
85.5%
Bryce Harper
85.5%
Bryce Harper
85.5%
Adrian Gonzalez
84.1%
Adrian Gonzalez
84.1%
Adrian Gonzalez
84.1%
Adrian Gonzalez
84.1%
Carlos Gonzalez
83.9%
Andrew McCutchen
83.1%
Andrew McCutchen
83.1%
Andrew McCutchen
83.1%
Andrew McCutchen
83.1%
Joey Votto
83%
Joey Votto
83%
Albert Pujols
82.4%
Alex Rodriguez
82.1%
Anthony Rizzo
82%
Anthony Rizzo
82%
Anthony Rizzo
82%
Alex Rodriguez
81.9%
Alex Rodriguez
81.9%
Kris Bryant
80.8%
Josh Donaldson
80.6%
Josh Donaldson
80.6%
Josh Donaldson
80.6%
Josh Donaldson
80.6%
Josh Donaldson
80.6%
Jose Altuve
80.3%
Jose Altuve
80.3%
Jose Altuve
80.3%
Dee Gordon
78.8%
Dee Gordon
78.8%
Dee Gordon
78.8%
Giancarlo Stanton
78.7%
Jose Bautista
77.3%
Buster Posey
75.9%
Buster Posey
75.9%
Buster Posey
75.9%
Ryan Braun
75.6%
Ryan Braun
75.6%
Ryan Howard
75.4%
Ryan Howard
75.4%
Ryan Howard
75.4%
Evan Longoria
75.2%
Evan Longoria
75.2%
Evan Longoria
75.2%
Evan Longoria
75.2%
J.D. Martinez
74.8%
J.D. Martinez
74.8%
J.D. Martinez
74.8%
Jose Abreu
74.5%
Jose Abreu
74.5%
Jose Abreu
74.5%
% Correct
Prince Fielder
73.4%
Prince Fielder
73.4%
Prince Fielder
73.4%
Nelson Cruz
73.4%
Nelson Cruz
73.4%
Nelson Cruz
73.4%
Nelson Cruz
73.4%
Nelson Cruz
73.4%
Brandon Belt
73.4%
Brandon Belt
73.4%
Billy Hamilton
73.2%
Robinson Cano
72.3%
Eric Hosmer
71.6%
Eric Hosmer
71.6%
Eric Hosmer
71.6%
Freddie Freeman
71.5%
Freddie Freeman
71.5%
Justin Upton
69.5%
Justin Upton
69.5%
Justin Upton
69.5%
Justin Upton
69.5%
Justin Upton
69.5%
Joe Mauer
69%
Joe Mauer
69%
Lorenzo Cain
68.4%
Lorenzo Cain
68.4%
Nolan Arenado
67.7%
Nolan Arenado
67.7%
Nolan Arenado
67.7%
Nolan Arenado
67.7%
Matt Carpenter
65.1%
Matt Carpenter
65.1%
Matt Carpenter
65.1%
Matt Carpenter
65.1%
Matt Carpenter
65.1%
Matt Kemp
64.8%
Matt Kemp
64.8%
Manny Machado
64.7%
Manny Machado
64.7%
Manny Machado
64.7%
Curtis Granderson
64.6%
Curtis Granderson
64.6%
Curtis Granderson
64.6%
Curtis Granderson
64.6%
Curtis Granderson
64.6%
Todd Frazier
63.8%
Todd Frazier
63.8%
Brandon Phillips
62.8%
Lucas Duda
61.9%
Lucas Duda
61.9%
Brett Gardner
61.9%
Mookie Betts
61.8%
Mookie Betts
61.8%
Jacoby Ellsbury
61%
Jay Bruce
60.9%
Dexter Fowler
60.7%
Dexter Fowler
60.7%
Dexter Fowler
60.7%
Mike Moustakas
60.1%
Ian Kinsler
58%
Ian Kinsler
58%
Chris Carter
57.9%
Daniel Murphy
57.3%
Brandon Crawford
55.9%
Jimmy Rollins
53.2%
Kendrys Morales
53.1%
Kendrys Morales
53.1%
Starling Marte
53.1%
Starling Marte
53.1%
Jason Heyward
52.8%
Jason Heyward
52.8%
Pedro Alvarez
52.1%
Brian McCann
52%
% Correct
Brian Dozier
51.5%
Brian Dozier
51.5%
Brian Dozier
51.5%
Xander Bogaerts
51.5%
Xander Bogaerts
51.5%
A.J. Pollock
51.3%
A.J. Pollock
51.3%
A.J. Pollock
51.3%
Jason Kipnis
51.2%
Jason Kipnis
51.2%
Michael Brantley
50.3%
Carlos Santana
50%
Carlos Santana
50%
Carlos Santana
50%
Carlos Santana
50%
Elvis Andrus
48%
Evan Gattis
46.7%
Evan Gattis
46.7%
Josh Reddick
43.1%
Josh Reddick
43.1%
Joc Pederson
41.3%
Joc Pederson
41.3%
Adam Eaton
40.4%
Adam Eaton
40.4%
Adam Eaton
40.4%
Ian Desmond
40.4%
Nick Markakis
40%
Nick Markakis
40%
Nick Markakis
40%
Charlie Blackmon
39.3%
Adam Lind
38.9%
Adam Lind
38.9%
Shin-Soo Choo
38.7%
Shin-Soo Choo
38.7%
Shin-Soo Choo
38.7%
Colby Rasmus
38.3%
Austin Jackson
37.5%
Kevin Pillar
37.3%
Chase Headley
36.6%
Justin Bour
35.9%
Ben Revere
35.2%
Mitch Moreland
34.6%
Christian Yelich
34.2%
Kole Calhoun
32.4%
Erick Aybar
30.8%
Jean Segura
30.7%
Jean Segura
30.7%
Trevor Plouffe
30%
Marcell Ozuna
29.2%
Stephen Vogt
27.5%
Matt Duffy
26.9%
Billy Burns
26.8%
Billy Burns
26.8%
Billy Burns
26.8%
Brett Lawrie
26.5%
Odubel Herrera
25.5%
Odubel Herrera
25.5%
Cameron Maybin
25%
Kevin Kiermaier
24.1%
Delino DeShields
23.3%
Anthony Gose
22.5%
Avisail Garcia
22.3%
Michael Taylor
22.1%
DJ LeMahieu
21.5%
Cesar Hernandez
21.2%
Freddy Galvis
18.2%
Jace Peterson
17.9%
Nori Aoki
17%
Aaron Hicks
14.9%
Steven Souza
14.3%
Logan Forsythe
13.8%

You're not logged in!

Compare scores with friends on all Sporcle quizzes.
Join for Free
OR
Log In

You Might Also Like...

Show Comments

Extras

Top Quizzes Today


Score Distribution

Your Account Isn't Verified!

In order to create a playlist on Sporcle, you need to verify the email address you used during registration. Go to your Sporcle Settings to finish the process.

Report this User

Report this user for behavior that violates our Community Guidelines.

Details: